000 00357nam a2200145Ia 4500
008 230917s9999||||xx |||||||||||||| ||und||
040 _e151423
_aMAIN
041 _aEnglish
082 _aB N315J
100 _aNehru, Jawaharlal
245 0 _aJawahal Lal Nehru vangmay
260 _aNew Delhi
_bSangykta Prakashan
_c1972
300 _a399 p.
942 _cBK
999 _c128960
_d128960